<?xml version="1.0" encoding="UTF-8"?>
<record
    xmlns:xsi="http://www.w3.org/2001/XMLSchema-instance"
    xsi:schemaLocation="http://www.loc.gov/MARC21/slim http://www.loc.gov/standards/marcxml/schema/MARC21slim.xsd"
    xmlns="http://www.loc.gov/MARC21/slim">

  <leader>00352nam a22001577a 4500</leader>
  <controlfield tag="003">SGT</controlfield>
  <datafield tag="020" ind1=" " ind2=" ">
    <subfield code="a">9789380644943</subfield>
  </datafield>
  <datafield tag="082" ind1=" " ind2=" ">
    <subfield code="a">428.40,BAL</subfield>
  </datafield>
  <datafield tag="100" ind1=" " ind2=" ">
    <subfield code="a">BALASUBRAMANIAN,T.</subfield>
  </datafield>
  <datafield tag="245" ind1=" " ind2=" ">
    <subfield code="a">ENGLISH PHONETICS FOR INDIAN STUDENTS </subfield>
  </datafield>
  <datafield tag="250" ind1=" " ind2=" ">
    <subfield code="a">3RD</subfield>
  </datafield>
  <datafield tag="260" ind1=" " ind2=" ">
    <subfield code="a">NEW DELHI</subfield>
    <subfield code="b">TRINITY </subfield>
    <subfield code="c">2019</subfield>
  </datafield>
  <datafield tag="300" ind1=" " ind2=" ">
    <subfield code="a">242</subfield>
  </datafield>
  <datafield tag="650" ind1=" " ind2=" ">
    <subfield code="a">ENGLISH </subfield>
  </datafield>
  <datafield tag="942" ind1=" " ind2=" ">
    <subfield code="2">ddc</subfield>
    <subfield code="c">BK</subfield>
    <subfield code="0">1</subfield>
  </datafield>
  <datafield tag="952" ind1=" " ind2=" ">
    <subfield code="0">0</subfield>
    <subfield code="1">0</subfield>
    <subfield code="2">ddc</subfield>
    <subfield code="4">0</subfield>
    <subfield code="7">0</subfield>
    <subfield code="a">SSSL</subfield>
    <subfield code="b">SSSL</subfield>
    <subfield code="c">TXT</subfield>
    <subfield code="d">2019-08-26</subfield>
    <subfield code="e">KIRTI PRAKASHAN </subfield>
    <subfield code="g">229.00</subfield>
    <subfield code="i">SGTU</subfield>
    <subfield code="l">1</subfield>
    <subfield code="o">428.40,BAL</subfield>
    <subfield code="p">FE7614</subfield>
    <subfield code="r">2020-01-11 00:00:00</subfield>
    <subfield code="s">2020-01-07</subfield>
    <subfield code="w">2019-08-17</subfield>
    <subfield code="y">BK</subfield>
    <subfield code="k">IN4556</subfield>
  </datafield>
  <datafield tag="952" ind1=" " ind2=" ">
    <subfield code="0">0</subfield>
    <subfield code="1">0</subfield>
    <subfield code="2">ddc</subfield>
    <subfield code="4">0</subfield>
    <subfield code="5">1</subfield>
    <subfield code="7">1</subfield>
    <subfield code="8">ENGG</subfield>
    <subfield code="a">FE</subfield>
    <subfield code="b">FE</subfield>
    <subfield code="c">REF</subfield>
    <subfield code="d">2019-08-26</subfield>
    <subfield code="e">KIRTI PRAKASHAN </subfield>
    <subfield code="g">229.00</subfield>
    <subfield code="i">SGTU</subfield>
    <subfield code="o">428.40,BAL</subfield>
    <subfield code="p">FE7615</subfield>
    <subfield code="r">2019-08-26 00:00:00</subfield>
    <subfield code="w">2019-08-17</subfield>
    <subfield code="y">BK</subfield>
    <subfield code="k">IN4556</subfield>
  </datafield>
  <datafield tag="952" ind1=" " ind2=" ">
    <subfield code="0">0</subfield>
    <subfield code="1">0</subfield>
    <subfield code="2">ddc</subfield>
    <subfield code="4">0</subfield>
    <subfield code="7">0</subfield>
    <subfield code="8">ENGG</subfield>
    <subfield code="a">FE</subfield>
    <subfield code="b">FE</subfield>
    <subfield code="c">TXT</subfield>
    <subfield code="d">2019-08-26</subfield>
    <subfield code="e">KIRTI PRAKASHAN </subfield>
    <subfield code="g">229.00</subfield>
    <subfield code="i">SGTU</subfield>
    <subfield code="l">1</subfield>
    <subfield code="o">428.40,BAL</subfield>
    <subfield code="p">FE7616</subfield>
    <subfield code="r">2021-09-30 00:00:00</subfield>
    <subfield code="s">2021-09-16</subfield>
    <subfield code="w">2019-08-17</subfield>
    <subfield code="y">BK</subfield>
    <subfield code="k">IN4556</subfield>
  </datafield>
  <datafield tag="952" ind1=" " ind2=" ">
    <subfield code="0">0</subfield>
    <subfield code="1">0</subfield>
    <subfield code="2">ddc</subfield>
    <subfield code="4">0</subfield>
    <subfield code="7">0</subfield>
    <subfield code="8">ENGG</subfield>
    <subfield code="a">FE</subfield>
    <subfield code="b">FE</subfield>
    <subfield code="c">TXT</subfield>
    <subfield code="d">2019-08-26</subfield>
    <subfield code="e">KIRTI PRAKASHAN </subfield>
    <subfield code="g">229.00</subfield>
    <subfield code="i">SGTU</subfield>
    <subfield code="l">1</subfield>
    <subfield code="o">428.40,BAL</subfield>
    <subfield code="p">FE7617</subfield>
    <subfield code="r">2022-03-17 00:00:00</subfield>
    <subfield code="s">2021-12-08</subfield>
    <subfield code="w">2019-08-17</subfield>
    <subfield code="y">BK</subfield>
    <subfield code="k">IN4556</subfield>
  </datafield>
  <datafield tag="952" ind1=" " ind2=" ">
    <subfield code="0">0</subfield>
    <subfield code="1">0</subfield>
    <subfield code="2">ddc</subfield>
    <subfield code="4">0</subfield>
    <subfield code="7">0</subfield>
    <subfield code="8">ENGG</subfield>
    <subfield code="a">FE</subfield>
    <subfield code="b">FE</subfield>
    <subfield code="c">TXT</subfield>
    <subfield code="d">2019-08-26</subfield>
    <subfield code="e">KIRTI PRAKASHAN </subfield>
    <subfield code="g">229.00</subfield>
    <subfield code="i">SGTU</subfield>
    <subfield code="l">4</subfield>
    <subfield code="o">428.40,BAL</subfield>
    <subfield code="p">FE7618</subfield>
    <subfield code="r">2021-03-30 00:00:00</subfield>
    <subfield code="s">2021-03-15</subfield>
    <subfield code="w">2019-08-17</subfield>
    <subfield code="y">BK</subfield>
    <subfield code="k">IN4556</subfield>
  </datafield>
  <datafield tag="999" ind1=" " ind2=" ">
    <subfield code="c">18940</subfield>
    <subfield code="d">18940</subfield>
  </datafield>
</record>
